[Event "USCL 2007"]
[Site "ICC INT"]
[Date "2007.10.03"]
[Round "6"]
[White "Bhat,V"]
[Black "Kelleher,W"]
[Result "1-0"]
[WhiteElo "2450"]
[BlackElo "2369"]

1.d4 d5 2.c4 c6 3.Nf3 Nf6 4.Nc3 e6 5.e3 Nbd7 6.Bd3 dxc4 7.Bxc4 b5 8.Bd3 a6
9.e4 c5 10.e5 cxd4 11.Nxb5 Ng4 12.Qa4 Bb7 13.Nbxd4 Qb6 14.O-O Bc5 15.h3 Bxf3
16.hxg4 Bb7 17.Nb3 O-O 18.Qf4 Rfd8 19.Qg3 Nxe5 20.Nxc5 Qxc5 21.Be2 Qd5 22.Bg5 f6
23.Be3 Rac8 24.Bb6 Rd6 25.Rad1 Qc6 26.Bd4 Rcd8 27.Bxe5 Rxd1 28.Bxd1 fxe5
29.Bb3 Rd2 30.Re1 e4 31.Qb8+ Bc8 32.Qf4 Rxb2 33.Rc1 Qd7 34.Qb8  1-0

[Event "WJun Girls"]
[Site "Yerevan ARM"]
[Date "2007.10.03"]
[Round "1"]
[White "Karavade,E"]
[Black "Gevorgyan,I"]
[Result "1-0"]
[WhiteElo "2331"]
[BlackElo "2078"]

1.d4 d5 2.c4 c6 3.Nc3 Nf6 4.e3 e6 5.Nf3 Nbd7 6.Bd3 dxc4 7.Bxc4 b5 8.Bd3 a6
9.e4 c5 10.e5 cxd4 11.Nxb5 Nxe5 12.Nxe5 axb5 13.Bxb5+ Bd7 14.Nxd7 Qa5+ 15.Bd2 Qxb5
16.Nxf8 Kxf8 17.a4 Qe5+ 18.Qe2 Qd5 19.O-O h6 20.b4 Kg8 21.b5 d3 22.Qf3 Kh7
23.Qxd5 Nxd5 24.a5 Rhb8 25.Rab1 e5 26.Rfe1 f6 27.b6 Ne7 28.Rec1 Nf5 29.Rc7 Nd4
30.h4 Ne6 31.Rd7 Nc5 32.Rd5 Ne4 33.Bb4 Rd8 34.b7 Rab8 35.Rxd8 Rxd8 36.a6 d2
37.Bxd2 Nxd2 38.b8=Q  1-0

[Event "Open"]
[Site "Corfu GRE"]
[Date "2007.10.04"]
[Round "4"]
[White "Marek,H"]
[Black "Witte,R"]
[Result "0-1"]
[WhiteElo "1953"]
[BlackElo "2070"]

1.d4 d5 2.c4 c6 3.Nc3 Nf6 4.e3 e6 5.Nf3 Nbd7 6.Bd3 dxc4 7.Bxc4 b5 8.Bd3 Bb7
9.e4 a6 10.e5 Nd5 11.O-O c5 12.Re1 Nxc3 13.bxc3 Be7 14.Be4 Bxe4 15.Rxe4 O-O
16.Qe2 cxd4 17.cxd4 Re8 18.h4 Nb6 19.Ng5 h6 20.Nxf7 Kxf7 21.Qh5+ Kg8 22.Bxh6 Bf8
23.Qg6 Qd7 24.Rf4 Nd5 25.Rf3 Re7 26.Bg5 Rf7 27.Rg3 Ne7 28.Bxe7 Bxe7 29.Qg4 Rc8
30.Rd1 Rc2 31.d5 Bc5 32.dxe6 Rfxf2 33.exd7 Rxg2+ 34.Kf1 Rgf2+ 35.Ke1 Bb4+
36.Qxb4 Rce2+  0-1

[Event "WJun"]
[Site "Yerevan ARM"]
[Date "2007.10.04"]
[Round "2"]
[White "Hungaski,R"]
[Black "Hovhannisyan,R"]
[Result "1-0"]
[WhiteElo "2432"]
[BlackElo "2273"]

1.d4 d5 2.c4 c6 3.Nf3 Nf6 4.Nc3 e6 5.e3 Nbd7 6.Qc2 Bd6 7.e4 dxe4 8.Nxe4 Nxe4
9.Qxe4 c5 10.Bg5 Be7 11.Bxe7 Qa5+ 12.Ke2 Kxe7 13.g3 cxd4 14.Bg2 Nf6 15.Qxd4 Rd8
16.Qf4 Bd7 17.Ne5 Be8 18.Rhd1 Rab8 19.Kf1 Kf8 20.Bf3 Kg8 21.Kg2 Qc7 22.Qe3 a5
23.b3 Nd7 24.Nxd7 Bxd7 25.Rd4 Bc6 26.Rad1 Rxd4 27.Qxd4 e5 28.Qd3 a4 29.b4 g6
30.Qd6 Qxd6 31.Rxd6 a3 32.Bd5 Kf8 33.Kf3 Ke7 34.c5 Bxd5+ 35.Rxd5 f6 36.Ke4 b6
37.c6 Ke6 38.Rd7 Ra8 39.b5 Ra5 40.Rd8 Ra7 41.Kd3 f5 42.Kc4 g5 43.Rb8 f4 44.Rxb6 e4
45.gxf4 gxf4 46.Ra6 Rc7 47.Rxa3 e3 48.Kd3 exf2 49.Ke2 Kd6 50.Rc3 Re7+ 51.Kxf2 Kc7
52.a4  1-0

[Event "WJun"]
[Site "Yerevan ARM"]
[Date "2007.10.05"]
[Round "3"]
[White "Alaguzov,M"]
[Black "Gupta,Ab"]
[Result "1-0"]
[WhiteElo "2200"]
[BlackElo "2470"]

1.Nf3 d5 2.c4 c6 3.e3 Nf6 4.Nc3 e6 5.d4 a6 6.Qc2 c5 7.cxd5 exd5 8.Be2 Nc6
9.O-O Nb4 10.Qd1 Be6 11.a3 Nc6 12.dxc5 Bxc5 13.b4 Ba7 14.Bb2 O-O 15.Na4 Ne4
16.Nd4 Rc8 17.Rc1 Qd6 18.Nxc6 Rxc6 19.Bd4 Bxd4 20.Qxd4 Rfc8 21.Rxc6 Qxc6
22.Nb6 Rd8 23.a4 Qc3 24.Rd1 Qxd4 25.Rxd4 Kf8 26.f3 Nf6 27.a5 Ke7 28.Bd1 Ne8
29.Ba4 Nc7 30.h4 Na8 31.Nxa8 Rxa8 32.Bb3 Rd8 33.Kf2 Rd6 34.Ke2 b6 35.Rd2 bxa5
36.bxa5 Rd7 37.Bc2 Rc7 38.Bd3 Bc8 39.Bxh7 Rc5 40.Rc2 Kd6 41.g4 f6 42.Kd2 Bd7
43.Rxc5 Kxc5 44.Bd3 Kb4 45.Bxa6 Kxa5 46.Be2 Kb4 47.f4 Kc5 48.Kc3 Be6 49.g5 fxg5
50.fxg5 g6 51.Bd3 Bf7 52.Bc2 Be8 53.Bd3 Bf7 54.Bb1 Be8 55.Bc2 Bf7 56.Ba4 Be6
57.Be8 Bf5 58.Bf7 Be4 59.Be8 Bf5 60.h5 gxh5 61.Bxh5 Bd7 62.Bf7 Bg4 63.Be8 Bf5
64.g6 Bg4 65.Bf7 Bh5 66.Kd3 Kd6 67.Kd4 Ke7 68.Kxd5 Kf6 69.e4 Bf3 70.Kd4 Bd1
71.e5+ Ke7 72.Bd5 Kf8 73.e6 Bh5 74.Be4 Bg4 75.Ke5 Bh5 76.Bd3 Bg4 77.Bc4  1-0

[Event "WJun"]
[Site "Yerevan ARM"]
[Date "2007.10.05"]
[Round "3"]
[White "Hayrapetian,O"]
[Black "Adly,A"]
[Result "0-1"]
[WhiteElo "2374"]
[BlackElo "2494"]

1.d4 d5 2.c4 e6 3.Nc3 Nf6 4.Nf3 c6 5.e3 Nbd7 6.Bd3 dxc4 7.Bxc4 b5 8.Bd3 a6
9.e4 c5 10.e5 cxd4 11.Nxb5 axb5 12.exf6 gxf6 13.O-O Qb6 14.Qe2 Ba6 15.a4 Bd6
16.a5 Qc5 17.Qe4 Rb8 18.b4 Qh5 19.Qxd4 Rg8 20.Be4 Bb7 21.Bxb7 Rxb7 22.Qe4 Qg4
23.Qxg4 Rxg4 24.a6 Rb8 25.Be3 Rxb4 26.Nd4 Ra8 27.Nc6 Rc4 28.Na7 Be5 29.Rac1 Bb8
30.Nxb5 Rxc1 31.Rxc1 Rxa6 32.Rc8+ Ke7 33.g3 Ra1+ 34.Kg2 Rb1 35.Nd4 Ne5 36.Rh8 Bd6
37.Bh6 Rb2 38.Ra8 Ng4 39.Bf8+ Kd7 40.Ra7+ Bc7 41.h3 Rxf2+ 42.Kg1 Rd2 43.Nb5 Rd1+
44.Kg2 Ne3+ 45.Kf3 Nd5 46.Bd6 Rc1 47.Bxc7 Nxc7 48.Nxc7 Rxc7 49.Ra4 Rc3+ 50.Kf2 Rc5
51.Ra7+ Ke8 52.Ra8+ Ke7 53.Rh8 h5 54.Kg2 Rf5 55.h4 e5 56.Ra8 e4 57.Ra4 e3
58.Ra1 Re5 59.Kf3 Ke6 60.g4 e2 61.Re1 hxg4+ 62.Kxg4 Re4+ 63.Kf3 Kf5 64.Rxe2 Rxe2
65.Kxe2 Kg4 66.Ke3 f5 67.h5 Kxh5  0-1

[Event "Open"]
[Site "Corfu GRE"]
[Date "2007.10.06"]
[Round "6"]
[White "Witte,R"]
[Black "Trabert,B"]
[Result "0-1"]
[WhiteElo "2070"]
[BlackElo "2260"]

1.d4 d5 2.c4 e6 3.Nc3 c6 4.e3 Nf6 5.Nf3 Nbd7 6.Qc2 Bd6 7.b3 O-O 8.Bd3 Re8
9.O-O Qe7 10.e4 dxc4 11.bxc4 e5 12.d5 Nc5 13.Bg5 h6 14.Bxf6 Qxf6 15.Nd2 Bd7
16.Nb3 Rac8 17.Rab1 b6 18.Qe2 g6 19.Nxc5 Bxc5 20.dxc6 Bxc6 21.Nd5 Qd6 22.Kh1 Kg7
23.Bc2 Bd4 24.Bb3 Qc5 25.f3 Re6 26.Rfc1 f5 27.Bc2 f4 28.Bb3 g5 29.Qd1 Qd6
30.Ba4 Bb7 31.Bb5 a6 32.Ba4 Qd8 33.Qb3 h5 34.Qd1 Rd6 35.Rb3 Kh6 36.Rbb1 Rg6
37.Qe2 g4 38.fxg4 hxg4 39.Bd1 Kg7 40.Rb3 Qh4 41.g3 Qg5 42.Rcb1 f3 43.Qf1 Rh6
44.R1b2 Rch8  0-1

[Event "WJun"]
[Site "Yerevan ARM"]
[Date "2007.10.06"]
[Round "4"]
[White "Alaguzov,M"]
[Black "Deepan,C"]
[Result "0-1"]
[WhiteElo "2200"]
[BlackElo "2492"]

1.d4 Nf6 2.Nf3 d5 3.c4 c6 4.Nc3 e6 5.e3 a6 6.b3 c5 7.Be2 Nc6 8.O-O Bd6 9.dxc5 Bxc5
10.cxd5 exd5 11.Bb2 O-O 12.Qc2 Qe7 13.Rad1 Be6 14.Na4 Bd6 15.Nd4 Nb4 16.Qb1 Ne4
17.Bf3 Ng5 18.Kh1 Nxf3 19.gxf3 Bxh2 20.Nxe6 fxe6 21.Kxh2 Qh4+ 22.Kg2 Qg5+
23.Kh2 Qh5+ 24.Kg1 Rxf3 25.Rd4 Qg5+ 26.Kh2 Raf8 27.Qe1 Qh5+ 28.Kg2 Qh3+ 29.Kg1 R8f6  0-1

[Event "WJun"]
[Site "Yerevan ARM"]
[Date "2007.10.06"]
[Round "4"]
[White "Hungaski,R"]
[Black "Kulakov,V"]
[Result "1/2-1/2"]
[WhiteElo "2432"]
[BlackElo "2261"]

1.Nf3 d5 2.d4 Nf6 3.c4 c6 4.Nc3 e6 5.e3 Nbd7 6.Bd3 b6 7.O-O Be7 8.e4 dxe4
9.Nxe4 Bb7 10.Qe2 O-O 11.Rd1 Qc7 12.Nxf6+ Nxf6 13.Bg5 c5 14.dxc5 Qxc5 15.Ne5 Rfd8
16.Bc2 h6 17.Bh4 Rd4 18.Rxd4 Qxd4 19.Bg3 Ne4 20.Rd1 Qxb2 21.h4 Rd8 22.Rxd8+ Bxd8
23.Qf3 f5 24.Qh5 Bf6 25.Qf7+ Kh7 26.Qg6+ Kg8 27.Qe8+ Kh7 28.Ng6 Qxc2 29.Nf8+ Kg8
30.Ng6+ Kh7 31.Nf8+ Kg8 32.Nxe6+ Kh7 33.Nf8+ Kg8 34.Nd7+ Kh7  1/2-1/2

[Event "WJun"]
[Site "Yerevan ARM"]
[Date "2007.10.07"]
[Round "5"]
[White "Garcia Cardenas,P"]
[Black "Corrales Jimenez,F"]
[Result "1-0"]
[WhiteElo "2200"]
[BlackElo "2513"]

1.c4 Nf6 2.Nc3 e6 3.Nf3 d5 4.d4 c6 5.e3 Nbd7 6.Bd3 dxc4 7.Bxc4 b5 8.Bd3 a6
9.O-O c5 10.a4 b4 11.Ne4 Bb7 12.Ng3 Bd6 13.Qe2 Qb8 14.Rd1 O-O 15.b3 cxd4
16.exd4 h6 17.Bb2 Nd5 18.Qe4 N7f6 19.Qh4 Bf4 20.Ne4 Nxe4 21.Bxe4 f5 22.Bd3 Rf6
23.Bc4 Rg6 24.g3 Bd6 25.Ne5 Bxe5 26.dxe5 Rg4 27.Qh3 Nf4 28.Qf1 Qe8 29.f3 Qh5
30.Bxe6+ Kh8 31.Bd5 Nxd5 32.fxg4 Qxg4 33.Rd4 f4 34.Qd1 Qe6 35.Qf3 Qb6 36.Qf2 Qc6
37.Qg2 Qc5 38.Qf2 fxg3 39.hxg3 Rf8 40.Rf4 Qxf2+ 41.Rxf2 Re8 42.Rf7 Bc8 43.Raf1 Kg8
44.e6 Nf6 45.Bxf6 gxf6 46.R7xf6 Kg7 47.Rf7+ Kg6 48.R1f6+ Kg5 49.e7 Rxe7 50.Rxe7 Kxf6
51.Rc7 Be6 52.Rc6 Ke5 53.Rxa6 Bxb3 54.a5 Kd5 55.Rxh6 Kc5 56.Rh5+ Kc6 57.a6 Kb6
58.a7 Kxa7 59.Rb5  1-0

[Event "GM"]
[Site "Corfu GRE"]
[Date "2007.10.08"]
[Round "7"]
[White "Shavtvaladze,N"]
[Black "Savchenko,S"]
[Result "1/2-1/2"]
[WhiteElo "2408"]
[BlackElo "2604"]

1.d4 d5 2.c4 c6 3.Nc3 Nf6 4.Nf3 e6 5.e3 Nbd7 6.Qc2 Bd6 7.Bd3 O-O 8.O-O dxc4
9.Bxc4 a6 10.Rd1 b5 11.Be2 Qc7 12.e4 e5 13.Bg5  1/2-1/2

[Event "12th ECC Women"]
[Site "Kemer TUR"]
[Date "2007.10.08"]
[Round "6"]
[White "Zhao Xue"]
[Black "Gaponenko,I"]
[Result "1-0"]
[WhiteElo "2530"]
[BlackElo "2440"]

1.d4 d5 2.c4 c6 3.Nc3 Nf6 4.Nf3 e6 5.e3 Nbd7 6.Qc2 b6 7.Bd3 Bb7 8.O-O Be7
9.b3 Qc7 10.Bb2 Rd8 11.Rfd1 h6 12.Rac1 Qb8 13.e4 dxe4 14.Nxe4 c5 15.dxc5 Nxc5
16.Nxf6+ Bxf6 17.Bxf6 Nxd3 18.Bxg7 Bxf3 19.Rxd3 Qf4 20.Re1 Qg4 21.g3  1-0

[Event "12th ECC Women"]
[Site "Kemer TUR"]
[Date "2007.10.08"]
[Round "6"]
[White "Bensdorp,M"]
[Black "Madl,I"]
[Result "1/2-1/2"]
[WhiteElo "2263"]
[BlackElo "2381"]

1.d4 d5 2.c4 c6 3.Nf3 Nf6 4.Nc3 e6 5.e3 Nbd7 6.Qc2 Bd6 7.b3 O-O 8.Bb2 b6
9.Be2 Bb7 10.O-O Qe7 11.Rad1 Rac8 12.Rfe1 c5 13.Nb5 Bb8 14.dxc5 bxc5 15.cxd5 exd5
16.Qf5 Qe6 17.Bd3 Rfe8 18.Ng5 Qxf5 19.Bxf5 Rcd8 20.Nf3 g6 21.Bb1 Re6 22.Rc1 Rde8
23.Red1 a6 24.Na3 Ba7 25.h3 h6 26.Bd3 Ne4 27.Nb1 Ndf6 28.Nbd2 Nd6 29.Bf1 Nde4
30.Bd3 Nd6 31.Bf1  1/2-1/2

[Event "3rd Arctic Cup"]
[Site "Salekhard RUS"]
[Date "2007.10.08"]
[Round "1"]
[White "Pagerka,M"]
[Black "Volcik,L"]
[Result "1-0"]
[WhiteElo "2099"]
[BlackElo "2032"]

1.d4 d5 2.c4 c6 3.Nf3 Nf6 4.Nc3 e6 5.e3 Nbd7 6.Qc2 Be7 7.Be2 dxc4 8.Bxc4 b5
9.Bd3 a6 10.O-O O-O 11.e4 h6 12.Bf4 Bb7 13.Rfd1 c5 14.d5 exd5 15.Nxd5 c4
16.Be2 Nxd5 17.exd5 Bf6 18.Nd4 Bg5 19.Bg3 Nb6 20.Nc6 Qf6 21.Be5 Qg6 22.Qxg6 fxg6
23.Bf3 Rfe8 24.Bc7 Na4 25.d6 Nc5 26.d7 Rf8 27.d8=Q Bxd8 28.Bd5+ Kh7 29.Nxd8 Raxd8
30.Bxd8 Rxd8 31.Bxb7 Rxd1+ 32.Rxd1 Nxb7 33.Rd5 g5 34.Kf1 Kg6 35.Ke2 Kf6 36.a4 bxa4
37.Rd4 c3 38.bxc3 Nc5 39.Rc4 Ne6 40.Rxa4 Nf4+ 41.Kf3 Nd3 42.Rxa6+ Kf5 43.Ra5+ Ke6
44.Ke3 Nb2 45.Kd4 Nd1 46.Ra2  1-0

[Event "WJun"]
[Site "Yerevan ARM"]
[Date "2007.10.09"]
[Round "7"]
[White "Deepan,C"]
[Black "Ragger,M"]
[Result "1/2-1/2"]
[WhiteElo "2492"]
[BlackElo "2528"]

1.d4 Nf6 2.c4 e6 3.Nf3 d5 4.Nc3 c6 5.e3 Nbd7 6.Qc2 Bd6 7.e4 dxe4 8.Nxe4 Nxe4
9.Qxe4 c5 10.dxc5 Bxc5 11.Qc2 Bb4+ 12.Bd2 Qa5 13.Be2 Bxd2+ 14.Qxd2 Qxd2+  1/2-1/2

[Event "FSGM October"]
[Site "Budapest HUN"]
[Date "2007.10.11"]
[Round "6"]
[White "Hoang Thanh Trang"]
[Black "Szabo,Krisz1"]
[Result "0-1"]
[WhiteElo "2466"]
[BlackElo "2492"]

1.d4 d5 2.c4 c6 3.Nc3 Nf6 4.e3 e6 5.Nf3 Nbd7 6.Qc2 Bd6 7.b3 O-O 8.Be2 dxc4
9.bxc4 e5 10.O-O Re8 11.Rd1 Qe7 12.a4 exd4 13.exd4 Nf8 14.h3 Ng6 15.c5 Bc7
16.Bg5 h6 17.Bc4 Be6 18.Re1 hxg5 19.Bxe6 Nh4 20.Nxh4 gxh4 21.Bc4 Qxe1+ 22.Rxe1 Rxe1+
23.Bf1 Rae8 24.Nd1 Nd5 25.Nb2 Nf4 26.g3 hxg3 27.Nd3 g2  0-1

[Event "FSGM October"]
[Site "Budapest HUN"]
[Date "2007.10.12"]
[Round "7"]
[White "Bui Vinh"]
[Black "Bromberger,S"]
[Result "1/2-1/2"]
[WhiteElo "2461"]
[BlackElo "2491"]

1.d4 d5 2.c4 c6 3.Nc3 Nf6 4.e3 e6 5.Nf3 Nbd7 6.Qc2 Bd6 7.b3 O-O 8.Be2 Qe7
9.O-O Re8 10.Rd1 dxc4 11.bxc4 e5 12.a4 e4 13.Nd2 Nf8 14.h3 Ng6 15.c5 Bc7
16.Ba3 Nh4 17.Bf1 Qe6 18.g3 Nf5 19.Bg2 Bxg3 20.Ndxe4 Bc7 21.Ng5 Qe7 22.Nf3 Nxe3
23.fxe3 Qxe3+ 24.Kh1 Nh5 25.Re1 Ng3+ 26.Kh2 Ne2+ 27.Kh1 Qg1+  1/2-1/2

[Event "WJun Girls"]
[Site "Yerevan ARM"]
[Date "2007.10.12"]
[Round "9"]
[White "Limontaite,S"]
[Black "Gevorgyan,I"]
[Result "1-0"]
[WhiteElo "2141"]
[BlackElo "2078"]

1.d4 d5 2.c4 c6 3.Nc3 Nf6 4.e3 e6 5.Nf3 Nbd7 6.Bd3 dxc4 7.Bxc4 b5 8.Bd3 Bd6
9.O-O O-O 10.Ne4 Nxe4 11.Bxe4 Bb7 12.Bd2 f5 13.Bd3 Qe7 14.Re1 Nf6 15.Qb3 Ne4
16.Ba5 a6 17.Bxe4 fxe4 18.Ng5 Bxh2+ 19.Kxh2 Qxg5 20.Qxe6+ Rf7 21.Kg1 Qh4
22.Re2 Rf8 23.Bb4 Bc8 24.Qe5 Rf5 25.Qg3 Qxg3 26.fxg3 R8f7 27.Rc2 Bd7 28.Bd6 h6
29.Be5 Rf8 30.a4 R8f7 31.axb5 axb5 32.Bf4 g5 33.Be5 Kh7 34.g4 Rxe5 35.dxe5 Bxg4
36.Rxc6 Re7 37.Raa6 Kg7 38.Rg6+ Kf7 39.Rxh6 Rxe5 40.Ra7+ Kg8 41.Rb6  1-0

[Event "Open"]
[Site "Hoogeveen NED"]
[Date "2007.10.13"]
[Round "2"]
[White "Ris,R"]
[Black "L'Ami,E"]
[Result "1/2-1/2"]
[WhiteElo "2381"]
[BlackElo "2577"]

1.d4 d5 2.c4 c6 3.Nf3 Nf6 4.Nc3 e6 5.e3 Nbd7 6.Qc2 Bd6 7.e4 dxe4 8.Nxe4 Nxe4
9.Qxe4 Qe7 10.Bd3 e5 11.O-O exd4 12.Qxd4 Ne5 13.Nxe5 Bxe5 14.Qe4 Bf6 15.Qxe7+ Bxe7
16.Be3 O-O 17.Rfd1 Bg4 18.f3 Be6 19.Kf2 Rfd8 20.b3 f5 21.f4 h6 22.Be2 g5
23.Rxd8+  1/2-1/2

[Event "FIDE"]
[Site "Corsico ITA"]
[Date "2007.10.14"]
[Round "6"]
[White "Mione,D"]
[Black "Pace,P"]
[Result "1/2-1/2"]
[WhiteElo "2254"]
[BlackElo "2190"]

1.d4 d5 2.c4 c6 3.e3 Nf6 4.Nf3 e6 5.Nc3 Nbd7 6.a4 Bd6 7.Bd3 O-O 8.O-O dxc4
9.Bxc4 e5 10.e4 h6 11.Re1 Qc7 12.h3 exd4 13.Nxd4 Ne5 14.Bf1 Ng6 15.Kh1 Rd8
16.Qc2 a6 17.Be3 b6 18.g3 Bb7 19.Nf5 Bb4 20.Bg2  1/2-1/2

[Event "TCh-ROU Superliga"]
[Site "Predeal ROU"]
[Date "2007.10.14"]
[Round "2"]
[White "Nanu,C"]
[Black "Dumitrache,D"]
[Result "1/2-1/2"]
[WhiteElo "2526"]
[BlackElo "2485"]

1.d4 d5 2.Nf3 Nf6 3.c4 c6 4.Nc3 e6 5.e3 Nbd7 6.Qc2 Bd6 7.Bd3 dxc4 8.Bxc4 O-O
9.O-O Qe7 10.Ne2 c5 11.dxc5 Nxc5 12.Ned4 Bd7 13.b3 Rac8  1/2-1/2

[Event "WJun Girls"]
[Site "Yerevan ARM"]
[Date "2007.10.14"]
[Round "11"]
[White "Gevorgyan,I"]
[Black "Salvador,A"]
[Result "1-0"]
[WhiteElo "2078"]
[BlackElo "1927"]

1.Nf3 d5 2.d4 Nf6 3.c4 c6 4.e3 e6 5.Nc3 Nbd7 6.Qc2 Bd6 7.Bd3 dxc4 8.Bxc4 O-O
9.O-O e5 10.h3 Qe7 11.Bd3 h6 12.Re1 Re8 13.e4 Nh5 14.d5 Nc5 15.Bf1 a5 16.Be3 Qf6
17.Qd1 Nd7 18.Rc1 Nf8 19.Nd2 Qg6 20.Nc4 Bb4 21.Kh2 Nf6 22.Nb6 Rb8 23.f3 N8d7
24.a3 Bxc3 25.bxc3 Nxb6 26.Bxb6 cxd5 27.Bc7 Ra8 28.exd5 Qg5 29.c4 Nh5 30.c5 Bf5
31.Qe2 Rac8 32.Bd6 Red8 33.Qxe5 f6 34.Qb2 Bg6 35.Kh1 Kh7 36.Red1 Ng3+ 37.Bxg3 Qxg3
38.d6 Qe5 39.Qxe5 fxe5 40.Bc4 Be8 41.Bd3+ Bg6 42.Bb5 e4 43.f4 Bf7 44.Rd4 Kg6
45.d7 Rc7 46.Rxe4 Bd5 47.Re8 Rdxd7 48.Bxd7 Rxd7 49.Rc3 Bc6 50.Re2 Kf5 51.Rf2 h5
52.Kh2 h4 53.Re3 Be4 54.Rfe2 Rd4 55.g3 hxg3+ 56.Kxg3 Rc4 57.h4 g6 58.Rxe4 Rxe4
59.Rxe4 Kxe4 60.Kg4 Kd5 61.Kg5 Kxc5 62.Kxg6 b5 63.f5 Kc4 64.f6 Kb3 65.f7  1-0

[Event "FSGM October"]
[Site "Budapest HUN"]
[Date "2007.10.16"]
[Round "11"]
[White "Prohaszka,P2"]
[Black "Bromberger,S"]
[Result "0-1"]
[WhiteElo "2470"]
[BlackElo "2491"]

1.d4 d5 2.c4 c6 3.Nc3 Nf6 4.e3 e6 5.Nf3 Nbd7 6.Bd3 dxc4 7.Bxc4 b5 8.Bd3 a6
9.a4 b4 10.Ne4 Bb7 11.Ned2 c5 12.O-O Be7 13.Qe2 O-O 14.e4 cxd4 15.e5 Nd5
16.Qe4 g6 17.Nb3 Qb8 18.Qxd4 Rd8 19.Re1 N7b6 20.Bc2 Qc7 21.Re2 Nf6 22.Qf4 Qxc2
23.Qe3 Rd1+ 24.Ne1 Qc6  0-1

[Event "IV Veterans"]
[Site "Calvia ESP"]
[Date "2007.10.16"]
[Round "2"]
[White "Estrada Martinez,C"]
[Black "Sarto Ramos,A"]
[Result "1-0"]
[WhiteElo "2236"]
[BlackElo "2053"]

1.Nf3 Nf6 2.c4 e6 3.d4 d5 4.Nc3 c6 5.e3 Nbd7 6.Bd3 Bd6 7.O-O O-O 8.Re1 e5
9.cxd5 cxd5 10.dxe5 Nxe5 11.Be2 Bg4 12.Bd2 Bxf3 13.Bxf3 Nd3 14.Re2 Nxb2 15.Qb3 Nc4
16.Nxd5 Ne5 17.e4 Nxf3+ 18.Qxf3 Nxd5 19.exd5 Rc8 20.g3 Re8 21.Be3 b6 22.Rae1 Bb4
23.Rd1 Bd6 24.Qg4 Rc7 25.Bg5 Qc8 26.Rxe8+ Qxe8 27.Bf6 g6 28.h4 h5 29.Qg5 Kh7
30.Qd2 Qe4 31.Re1 Qf5 32.Qd4 Bc5 33.Re8 Rc8 34.Rxc8 Qxc8 35.Qe5 Qf8 36.Qc7 a5
37.Be5 Qe7 38.Qxe7 Bxe7 39.Bc7 Bf6 40.Bxb6 Be7 41.Bxa5 Kg7 42.Bc7 Bf6 43.d6 Be5
44.Bb8 Bf6 45.a4 Kf8 46.a5 Ke8 47.a6 Bd4 48.a7  1-0

[Event "3rd Arctic Cup"]
[Site "Salekhard RUS"]
[Date "2007.10.16"]
[Round "9"]
[White "Yuffa,D"]
[Black "Pagerka,M"]
[Result "1-0"]
[WhiteElo "2093"]
[BlackElo "2099"]

1.d4 d5 2.c4 c6 3.Nc3 Nf6 4.Nf3 e6 5.e3 Nbd7 6.Qc2 Bd6 7.g4 dxc4 8.Bxc4 e5
9.g5 Nd5 10.dxe5 Nxe5 11.Nxe5 Bxe5 12.Qe4 Qe7 13.Nxd5 cxd5 14.Bxd5 g6 15.f4 Bg7
16.Qxe7+ Kxe7 17.Bd2 Be6 18.Bb4+ Kd7 19.O-O-O Bxd5 20.Rxd5+ Kc7 21.Rhd1 Rad8
22.Rxd8 Rxd8 23.Rxd8 Kxd8 24.Bc3 Bf8 25.Kd2 Kd7 26.Kd3 Bc5 27.Bd4 Bd6 28.Bxa7 Ke6
29.Ke4 Bb4 30.Bd4 Bd6 31.a4 Bb4 32.Bc3 Bd6 33.b4 Bc7 34.a5 Bd8 35.b5 Kd6
36.a6 bxa6 37.bxa6 Kc6 38.Bd4 Be7 39.Ke5 Kc7 40.Kd5 Bf8 41.e4 h6 42.h4 h5
43.Bc5 Bg7 44.e5 Bh8 45.a7 Kb7 46.Kd6  1-0

[Event "WJun"]
[Site "Yerevan ARM"]
[Date "2007.10.16"]
[Round "13"]
[White "Laznicka,V"]
[Black "Kaplan,S"]
[Result "1-0"]
[WhiteElo "2610"]
[BlackElo "2437"]

1.d4 d5 2.c4 c6 3.Nf3 Nf6 4.e3 e6 5.Nc3 Nbd7 6.Qc2 Bd6 7.b3 O-O 8.Be2 b6
9.O-O Bb7 10.Bb2 Qe7 11.Rad1 Rac8 12.e4 e5 13.Rfe1 Rfd8 14.Bd3 dxc4 15.Bxc4 b5
16.Bf1 a6 17.g3 g6 18.Bg2 Bb8 19.h3 exd4 20.Nxd4 Re8 21.Qd2 Rcd8 22.Qg5 Nd5
23.Qxe7 Nxe7 24.f4 Ba7 25.Kh2 Nf8 26.Nc2 Ne6 27.e5 Nc5 28.Nd4 Nd3 29.Rxd3 Rxd4
30.Rxd4 Bxd4 31.Rd1 Nf5 32.g4 Bxc3 33.Bxc3 Ne3 34.Rd7 Nxg2 35.e6 f6 36.Kxg2 Bc8
37.Bxf6 Rxe6 38.Rg7+ Kf8 39.Rxh7 Rxf6 40.Rh8+ Kg7 41.Rxc8 Rxf4 42.Rxc6 a5
43.Rc7+ Kf6 44.Kg3 Rd4 45.Rc5 g5 46.Rf5+ Kg6 47.Rxb5 Rd3+ 48.Kg2 Rd2+ 49.Kf3 Rxa2
50.Rb6+ Kf7 51.Ke4 Rc2 52.Rb5 Rc3 53.Kf5 Rxh3 54.Rb7+ Kf8 55.Kxg5 Rc3 56.Kh6 Rc6+
57.Kh7 Rc5 58.b4 axb4 59.Rb8+ Kf7 60.Rxb4 Kf6 61.Kh6 Kf7 62.g5 Rc1 63.g6+ Kf6
64.Rf4+ Ke5 65.Rf8 Ke6 66.Kg7 Rc7+ 67.Rf7 Rc8 68.Rf6+ Ke7 69.Rf1 Ke6 70.Kh7 Rc4
71.Rh1 Kf6 72.g7 Rc7 73.Rf1+  1-0

[Event "WJun Girls"]
[Site "Yerevan ARM"]
[Date "2007.10.16"]
[Round "13"]
[White "Zarkua,E"]
[Black "Gevorgyan,I"]
[Result "0-1"]
[WhiteElo "2009"]
[BlackElo "2078"]

1.d4 d5 2.Nf3 c6 3.c4 Nf6 4.Nc3 e6 5.e3 Nbd7 6.Bd3 dxc4 7.Bxc4 b5 8.Bd3 Bd6
9.O-O O-O 10.Qc2 Bb7 11.e4 e5 12.dxe5 Nxe5 13.Nxe5 Bxe5 14.Be3 Ng4 15.h3 Nxe3
16.fxe3 Qg5 17.Rf3 Rad8 18.Nd1 Rd6 19.Nf2 Bc8 20.Bf1 Rf6 21.Rxf6 Bxf6 22.Qxc6 Bxb2
23.Re1 Be5 24.Bxb5 Be6 25.Qc2 h5 26.Qe2 Rc8 27.Nd3 Bg3 28.Rb1 Rc3 29.Qd2 Ra3
30.Nf4 Bxa2 31.Rb4 Rb3 32.Qd5 Bxf4 33.Qa8+ Kh7 34.Rxb3 Bxb3 35.exf4 Qxb5
36.Qxa7 Qe2 37.Qb6 Bc4 38.Qc5 Qf1+  0-1

[Event "IV Open"]
[Site "Calvia ESP"]
[Date "2007.10.17"]
[Round "3"]
[White "Iturrizaga,E"]
[Black "Godena,M"]
[Result "0-1"]
[WhiteElo "2435"]
[BlackElo "2535"]

1.d4 d5 2.c4 e6 3.Nc3 c6 4.e3 Nf6 5.Nf3 a6 6.b3 Bb4 7.Bd2 Bd6 8.Bd3 Nbd7
9.e4 dxc4 10.bxc4 e5 11.c5 Bc7 12.Na4 O-O 13.O-O exd4 14.h3 Re8 15.Qc2 Nf8
16.Rab1 h6 17.Nb6 Bxb6 18.Rxb6 Ne6 19.Rb4 Nd7 20.Rc4 a5 21.Rc1 b5 22.cxb6 c5
23.Ra4 Qxb6 24.Rb1 Qd6 25.Bb5 Ba6 26.Bxd7 Qxd7 27.Ne5 d3 28.Qd1 Qc7 29.Nc4 Nd4
30.Bxa5 Qc6 31.Rb6 Qxe4 32.Nd6 Qe2 33.Qxe2 Nxe2+ 34.Kh2 Reb8 35.Rxb8+ Rxb8
36.Bd2 Rb6 37.Ne4 c4 38.Rb4 Rxb4 39.Bxb4 f5 40.Ng3 Nc1 41.a4 Na2 42.Ba5 g6
43.f4 c3 44.Nf1 c2 45.Bd2 c1=Q  0-1

[Event "Blindfold World Cup"]
[Site "Bilbao ESP"]
[Date "2007.10.18"]
[Round "6"]
[White "Carlsen,M"]
[Black "Karjakin,Sergey"]
[Result "0-1"]
[WhiteElo "2714"]
[BlackElo "2694"]

1.d4 d5 2.c4 c6 3.Nc3 Nf6 4.e3 e6 5.Nf3 Nbd7 6.Bd3 dxc4 7.Bxc4 b5 8.Bd3 Bb7
9.e4 b4 10.Na4 c5 11.e5 Nd5 12.O-O cxd4 13.Re1 g6 14.Bg5 Qa5 15.Nd2 Rc8 16.Nc4 Rxc4
17.Bxc4 Bg7 18.Rc1 Nxe5 19.Rxe5 Bxe5 20.Qe2 Nc7 21.Bh6 Bd6 22.Bb3 Qf5 23.Rd1 Ke7
24.Rxd4 Rd8 25.Rd1 Nd5 26.g4 Nf4 27.gxf5 Nxe2+ 28.Kf1 Ba6 29.Ke1 gxf5 30.Be3 Ng1
31.f4 Nf3+ 32.Kf2 Nxh2 33.Bxa7 Ng4+ 34.Ke1 h5 35.Nc5 Bc8 36.Bb6 Rh8 37.a4 bxa3
38.bxa3 h4 39.Ke2 h3 40.a4 h2 41.Rh1 f6 42.a5 Kf7  0-1

[Event "IV Open"]
[Site "Calvia ESP"]
[Date "2007.10.18"]
[Round "4"]
[White "Grant,J"]
[Black "Libiszewski,F"]
[Result "1/2-1/2"]
[WhiteElo "2261"]
[BlackElo "2486"]

1.c4 c6 2.Nc3 d5 3.d4 Nf6 4.e3 e6 5.Nf3 a6 6.Qc2 c5 7.dxc5 Bxc5 8.Bd2 dxc4
9.Bxc4 Nbd7 10.Bd3 b6 11.Ne4 Bb7 12.Bc3 Rc8 13.Rd1 Qe7 14.Nxf6+ Nxf6 15.Bxa6 O-O
16.Bxb7 Qxb7 17.Bxf6 gxf6 18.Qe2 Bb4+ 19.Kf1 Qe4 20.Nd4 e5 21.Qf3 Qxf3 22.Nxf3 Rc2
23.a3 Be7 24.Rb1 b5 25.g3 Bc5 26.b4 Bb6 27.Rb3 Rd8 28.Kg2 Kf8 29.Rf1 Ke7
30.Kg1 Ke6 31.Rfb1 f5 32.R1b2 Rc1+ 33.Kg2 Rdd1 34.Rd2 Rxd2 35.Nxd2 Rc2 36.Nf3 f6
37.Ne1 Rd2 38.Rc3 Kd5 39.Kf1 f4 40.gxf4 exf4 41.Nc2 f3 42.Ne1 Ke4 43.Rc6 Bd8
44.Rc5 Ra2 45.Rxb5 Rxa3 46.Rb8 Bc7 47.Rg8 Ra1 48.Rg4+ Kf5 49.h3 Rc1 50.Rd4 Be5
51.Rd5 Ke4 52.Rc5 Bc3 53.Rc4+ Kd5 54.Rxc3 Rxc3 55.Nxf3 Rb3 56.Kg2 Rxb4 57.Kg3 Rb2
58.Nd4 Ke4 59.Nf3 Ra2 60.Nd4 Rd2 61.Kg2 Ra2 62.Nf3 Rb2 63.Nd4 Rd2 64.Nf3 Rd7
65.Nd4 Rg7+ 66.Kf1 Ke5 67.Nf3+ Ke4 68.Nd2+ Kd5 69.Nf3 f5 70.Nd2 Ke5 71.Ke2 Rc7
72.Nf3+ Kf6 73.Nd4 Rc1 74.Kf3 Ke5 75.Kg2 Ke4 76.Ne2 Rc4 77.Nf4 Ke5 78.Kf3 Ra4
79.Nd3+ Kf6 80.Nf4 Kg5 81.Kg3 Ra6 82.Nd5 Rd6 83.Nf4 Kf6 84.Kg2 Ra6 85.Kf3 Ra4
86.Kg3 Ke5 87.Kf3 Kd6 88.Kg3 Ke5 89.Kf3 Re4 90.Nd3+ Kd5 91.Nf4+ Kd6  1/2-1/2

[Event "IV Open"]
[Site "Calvia ESP"]
[Date "2007.10.19"]
[Round "5"]
[White "Malakhatko,V"]
[Black "Godena,M"]
[Result "1/2-1/2"]
[WhiteElo "2603"]
[BlackElo "2535"]

1.d4 d5 2.c4 e6 3.Nf3 Nf6 4.Nc3 c6 5.e3 Nbd7 6.Qc2 b6 7.cxd5 exd5 8.Bd3 Bb7
9.O-O Be7 10.e4 dxe4 11.Nxe4 O-O 12.Ne5 Nd5 13.Nxc6 Bxc6 14.Qxc6 Nb4 15.Qc3 Rc8
16.Qb3 Ne5 17.dxe5 Nxd3 18.e6 Qd4 19.exf7+ Rxf7 20.Qe6 Qc4 21.Ng5 Qxe6 22.Nxe6 Bf6  1/2-1/2

[Event "Open"]
[Site "Hoogeveen NED"]
[Date "2007.10.19"]
[Round "8"]
[White "Schuurman,P"]
[Black "Okkes,M"]
[Result "1/2-1/2"]
[WhiteElo "2281"]
[BlackElo "2386"]

1.d4 d5 2.c4 e6 3.Nc3 c6 4.e3 Nf6 5.Nf3 Nbd7 6.Bd3 dxc4 7.Bxc4 b5 8.Be2 Bb7
9.O-O Be7 10.e4 b4 11.e5 bxc3 12.exf6 Bxf6 13.bxc3 c5 14.dxc5 O-O 15.Ba3 Be7
16.Qd4 Qc7 17.c6 Bxa3 18.cxd7 Bc5 19.Qd3 h6 20.Rab1 Rfd8 21.Rfd1 Bd5 22.c4 Bc6
23.Qc3 Bxd7 24.Bd3 Bc6 25.Bc2 Rxd1+ 26.Rxd1 Rd8 27.Rxd8+ Qxd8 28.Qd3 Qxd3
29.Bxd3 f6 30.Nd2 Bb4 31.Nb3 Kf7 32.f3 f5 33.Kf2 Kf6 34.Ke3 g5 35.g3 a5 36.Be2 Ke5
37.f4+ Kd6 38.Kd4 a4 39.c5+ Ke7 40.Nc1 Bd2 41.Nd3 a3 42.Ne5 Be8 43.c6 Kd8
44.fxg5 Bxg5 45.Bc4 Kc7 46.Bxe6 Bxc6 47.Nxc6 Kxc6 48.Bxf5 Kd6 49.Ke4 Ke7
50.h4 Bc1  1/2-1/2